[Event "SVK-chT1E 2223"]
[Site "Slovakia"]
[Date "2023.01.14"]
[Round "7.5"]
[White "Kantorik, Marian"]
[Black "Cedzo, Adam"]
[Result "1-0"]
[WhiteElo "2171"]
[BlackElo "1935"]
[PlyCount "103"]
[EventDate "2022.10.15"]
[EventType "team-tourn"]
[EventRounds "11"]
[EventCountry "SVK"]
[SourceTitle "EXT 2024"]
[Source "ChessBase"]
[SourceDate "2023.10.10"]
[SourceVersion "1"]
[SourceVersionDate "2023.10.10"]
[SourceQuality "1"]
[WhiteTeam "Dunajov Martin"]
[BlackTeam "Zilina Mladost II"]
[WhiteTeamCountry "SVK"]
[BlackTeamCountry "SVK"]

1. d4 Nf6 2. c4 c5 3. d5 b5 4. cxb5 a6 5. bxa6 g6 6. Nc3 Bg7 7. e4 0-0 8. Nf3 Qa5 9. a7 Rxa7 10. Bd2 Qb6 11. Qc2 d6 12. Be2 Ba6 13. 0-0 Bxe2 14. Nxe2 Na6 15. a3 Rb8 16. Bc3 Nc7 17. b4 Nb5 18. Bxf6 Bxf6 19. bxc5 Qc7 20. Ra2 Nxa3 21. Qc1 Rb1 22. cxd6 Qxc1 23. Rxc1 Rxc1+ 24. Nxc1 exd6 25. Nb3 Nb5 26. Rxa7 Nxa7 27. Nbd4 Nc8 28. Kf1 Nb6 29. Ke2 Nc4 30. Kd3 Ne5+ 31. Nxe5 Bxe5 32. g3 Kf8 33. Nc6 Bg7 34. f4 Ke8 35. e5 Kd7 36. g4 g5 37. fxg5 dxe5 38. Ke4 Kd6 39. Na5 Kc5 40. Nb7+ Kb6 41. Nd8 f6 42. d6 fxg5 43. d7 Kc7 44. Ne6+ Kxd7 45. Nxg7 Kd6 46. h3 Ke7 47. Kxe5 Kf7 48. Nh5 Kg6 49. Ke6 Kh6 50. Ng3 Kg6 51. Ke5 h6 52. Ke6 1-0

[Event "SVK-ch U18"]
[Site "Stara Lubovna"]
[Date "2022.05.26"]
[Round "7"]
[White "Cedzo, Adam"]
[Black "Stevik, Patrik1111"]
[Result "0-1"]
[WhiteElo "1869"]
[BlackElo "2249"]
[PlyCount "64"]
[EventDate "2022.05.21"]
[EventType "swiss"]
[EventRounds "9"]
[EventCountry "SVK"]
[SourceTitle "CBM 208 Extra"]
[Source "ChessBase"]
[SourceDate "2022.07.31"]
[SourceVersion "1"]
[SourceVersionDate "2022.07.31"]
[SourceQuality "1"]

1. e4 g6 2. d4 Bg7 3. Nc3 d6 4. Be3 a6 5. Qd2 b5 6. f3 Bb7 7. h4 h5 8. Nh3 Nd7 9. Ng5 Rc8 10. a4 b4 11. Nd1 a5 12. Bc4 e6 13. 0-0 Ngf6 14. Nf2 Qe7 15. Bd3 0-0 16. Ngh3 c5 17. dxc5 dxc5 18. c3 c4 19. Be2 Rfd8 20. cxb4 axb4 21. Rfc1 Ba6 22. Qe1 Rc6 23. Bd2 Rb8 24. Nd3 Rcb6 25. e5 cxd3 26. exf6 Bxf6 27. Bd1 Bxb2 28. Rab1 Bf6 29. Ng5 b3 30. Ba5 b2 31. Rc7 Qd6 32. Bxb6 Qxb6+ 0-1

[Event "Skalica op-B"]
[Site "Skalica"]
[Date "2021.08.22"]
[Round "2"]
[White "Smidova, Michaela"]
[Black "Cedzo, Adam"]
[Result "1/2-1/2"]
[WhiteElo "1590"]
[BlackElo "1793"]
[PlyCount "87"]
[EventDate "2021.08.21"]
[EventType "swiss"]
[EventRounds "9"]
[EventCountry "SVK"]
[SourceTitle "CBM 204 Extra"]
[Source "ChessBase"]
[SourceDate "2021.11.30"]
[SourceVersion "1"]
[SourceVersionDate "2021.11.30"]
[SourceQuality "1"]

1. e4 e5 2. Nf3 Nc6 3. Bb5 a6 4. Ba4 Nf6 5. d3 b5 6. Bb3 Be7 7. c3 0-0 8. 0-0 d5 9. exd5 Nxd5 10. Re1 Nf6 11. Nxe5 Nxe5 12. Rxe5 Bd6 13. Re1 Ng4 14. h3 Qh4 15. Qf3 Bh2+ 16. Kf1 Bd6 17. Bf4 Bb7 18. Qg3 Nh2+ 19. Qxh2 Qxf4 20. Qxf4 Bxf4 21. g3 Bd6 22. Nd2 Rad8 23. Ne4 Be7 24. d4 Rfe8 25. Rad1 a5 26. Rd3 a4 27. Bc2 Bd5 28. Rde3 Kf8 29. a3 Be6 30. h4 h6 31. Nd2 c5 32. Nf3 Bh3+ 33. Kg1 Bg4 34. Ne5 cxd4 35. cxd4 Rxd4 36. Nc6 Rd7 37. Nxe7 Rdxe7 38. Bd3 Bd7 39. Rxe7 Rxe7 40. Rxe7 Kxe7 41. Kf1 Kd6 42. Ke2 g5 43. hxg5 hxg5 44. Kd2 1/2-1/2

[Event "SVK-ch U18/20"]
[Site "Stara Lubovna"]
[Date "2021.07.03"]
[Round "9"]
[White "Rybovic, Nikolas"]
[Black "Cedzo, Adam"]
[Result "1/2-1/2"]
[WhiteElo "1434"]
[BlackElo "1835"]
[PlyCount "52"]
[EventDate "2021.06.26"]
[EventType "swiss"]
[EventRounds "9"]
[EventCountry "SVK"]
[SourceTitle "CBM 203 Extra"]
[Source "ChessBase"]
[SourceDate "2021.09.30"]
[SourceVersion "1"]
[SourceVersionDate "2021.09.30"]
[SourceQuality "1"]

1. c4 Nf6 2. e3 g6 3. Nf3 Bg7 4. d4 0-0 5. g3 d6 6. Bg2 Nc6 7. 0-0 Bg4 8. Nbd2 Nd7 9. h3 Bxf3 10. Nxf3 e5 11. dxe5 Ndxe5 12. Nxe5 Bxe5 13. Qb3 Rb8 14. Rb1 Na5 15. Qa4 b6 16. Bd2 Nb7 17. Qxa7 Nc5 18. Qa3 h5 19. b4 Ne6 20. Bc3 h4 21. Bxe5 dxe5 22. g4 Ng5 23. Qc3 e4 24. Rbd1 Qe7 25. Rd4 Qf6 26. Qa1 Nf3+ 1/2-1/2

[Event "SVK-ch U18/20"]
[Site "Stara Lubovna"]
[Date "2021.06.28"]
[Round "3"]
[White "Popovic, Martin"]
[Black "Cedzo, Adam"]
[Result "1-0"]
[WhiteElo "2028"]
[BlackElo "1835"]
[PlyCount "75"]
[EventDate "2021.06.26"]
[EventType "swiss"]
[EventRounds "9"]
[EventCountry "SVK"]
[SourceTitle "CBM 203 Extra"]
[Source "ChessBase"]
[SourceDate "2021.09.30"]
[SourceVersion "1"]
[SourceVersionDate "2021.09.30"]
[SourceQuality "1"]

1. e4 e5 2. Nf3 Nc6 3. Bb5 a6 4. Ba4 Nf6 5. d3 b5 6. Bb3 d6 7. c3 Be7 8. h3 h6 9. 0-0 Be6 10. d4 exd4 11. cxd4 d5 12. exd5 Bxd5 13. Ne5 0-0 14. Bxd5 Qxd5 15. Nc3 Qd6 16. Bf4 Nxe5 17. dxe5 Qxd1 18. Rfxd1 Nh5 19. Bh2 Bg5 20. g4 Nf4 21. h4 Nh3+ 22. Kg2 Bxh4 23. Kxh3 Bxf2 24. Nd5 c5 25. Bg1 Bxg1 26. Rxg1 Rad8 27. Ne7+ Kh7 28. Rad1 Rfe8 29. Rd6 Rxe7 30. Rxd8 Rxe5 31. Ra8 Re6 32. b3 g5 33. Rc8 Re5 34. Rf1 Re3+ 35. Kg2 Re2+ 36. Rf2 Re4 37. Rxf7+ Kg6 38. Kf3 1-0

[Event "Skalica Rapid op"]
[Site "Skalica"]
[Date "2020.08.29"]
[Round "1"]
[White "Blaho, Stefan"]
[Black "Cedzo, Adam"]
[Result "1-0"]
[WhiteElo "2090"]
[BlackElo "1585"]
[PlyCount "73"]
[EventDate "2020.08.29"]
[EventType "swiss (rapid)"]
[EventRounds "7"]
[EventCountry "SVK"]
[SourceTitle "CBM 198 Extra"]
[Source "ChessBase"]
[SourceDate "2020.11.30"]
[SourceVersion "1"]
[SourceVersionDate "2020.11.30"]
[SourceQuality "1"]

1. d4 Nf6 2. Bf4 d6 3. e3 g6 4. h3 Bg7 5. Nf3 Nbd7 6. Be2 c6 7. c4 Nh5 8. Bh2 0-0 9. Nc3 e5 10. 0-0 Re8 11. dxe5 dxe5 12. Qc2 Qb6 13. Na4 Qd8 14. Rfd1 Qe7 15. Rac1 Nhf6 16. a3 Nc5 17. Nxc5 Qxc5 18. b4 Qe7 19. Bxe5 Bf5 20. Qb2 h5 21. c5 Rad8 22. Bc4 Be6 23. Bxe6 Qxe6 24. Bc3 Rxd1+ 25. Rxd1 Qe7 26. Rd6 Ne4 27. Bxg7 Nxd6 28. cxd6 Qxd6 29. Bd4 a6 30. Qc2 Qe7 31. Bb2 Rd8 32. Qc3 f6 33. Qxf6 Qxf6 34. Bxf6 Rd3 35. a4 Kf7 36. Bd4 b5 37. Ne5+ 1-0

[Event "Skalica Rapid op"]
[Site "Skalica"]
[Date "2020.08.29"]
[Round "7"]
[White "Striskova, Lucia"]
[Black "Cedzo, Adam"]
[Result "0-1"]
[WhiteElo "1484"]
[BlackElo "1585"]
[PlyCount "56"]
[EventDate "2020.08.29"]
[EventType "swiss (rapid)"]
[EventRounds "7"]
[EventCountry "SVK"]
[SourceTitle "CBM 198 Extra"]
[Source "ChessBase"]
[SourceDate "2020.11.30"]
[SourceVersion "1"]
[SourceVersionDate "2020.11.30"]
[SourceQuality "1"]

1. e4 e5 2. Nf3 Nc6 3. d4 exd4 4. Nxd4 Bc5 5. Nb3 Bb6 6. Nc3 d6 7. a4 a6 8. Bc4 Nf6 9. Bg5 0-0 10. Nd5 Bxf2+ 11. Kf1 Ne5 12. Be2 Nxd5 13. Bxd8 Ne3+ 14. Kxf2 Nxd1+ 15. Raxd1 Rxd8 16. Na5 b6 17. Nb3 Bg4 18. Nd4 Re8 19. Bxg4 Nxg4+ 20. Kf3 Ne5+ 21. Kf4 Ng6+ 22. Ke3 d5 23. Nc6 Rxe4+ 24. Kf2 Rae8 25. h3 Re2+ 26. Kg3 R8e3+ 27. Kh2 Nf4 28. Nd4 Rxg2# 0-1

[Event "Skalica Masters op"]
[Site "Skalica"]
[Date "2020.08.29"]
[Round "8"]
[White "Syrkiewicz, Michal"]
[Black "Cedzo, Adam"]
[Result "1-0"]
[WhiteElo "1911"]
[BlackElo "1922"]
[PlyCount "67"]
[EventDate "2020.08.23"]
[EventType "swiss"]
[EventRounds "9"]
[EventCountry "SVK"]
[SourceTitle "CBM 198 Extra"]
[Source "ChessBase"]
[SourceDate "2020.11.30"]
[SourceVersion "1"]
[SourceVersionDate "2020.11.30"]
[SourceQuality "1"]

1. e4 e5 2. Nf3 Nc6 3. Nc3 Nf6 4. a3 d6 5. d4 Bg4 6. d5 Nd4 7. Be3 Nxf3+ 8. gxf3 Bd7 9. Qd2 Be7 10. Rg1 Nh5 11. Be2 h6 12. f4 exf4 13. Bxh5 fxe3 14. Qxe3 Bf6 15. 0-0-0 Qe7 16. Rde1 Qe5 17. Qf3 Qxh2 18. Rg3 Qh4 19. Rh1 Bg5+ 20. Kb1 Qf4 21. Qxf4 Bxf4 22. Rxg7 Rf8 23. Ne2 Be5 24. Rh7 Bb5 25. Nc3 Bd7 26. Ne2 Bb5 27. f4 Bxe2 28. fxe5 Bxh5 29. Rxh5 dxe5 30. Rxe5+ Kd7 31. Rxh6 f6 32. Rh7+ Kd8 33. Ree7 b6 34. Rd7+ 1-0

[Event "Skalica Masters op"]
[Site "Skalica"]
[Date "2020.08.27"]
[Round "6"]
[White "Sucikova, Svetlana"]
[Black "Cedzo, Adam"]
[Result "1-0"]
[WhiteElo "2171"]
[BlackElo "1922"]
[PlyCount "87"]
[EventDate "2020.08.23"]
[EventType "swiss"]
[EventRounds "9"]
[EventCountry "SVK"]
[SourceTitle "CBM 198 Extra"]
[Source "ChessBase"]
[SourceDate "2020.11.30"]
[SourceVersion "1"]
[SourceVersionDate "2020.11.30"]
[SourceQuality "1"]

1. Nf3 d5 2. g3 Bg4 3. Bg2 c6 4. h3 Bxf3 5. exf3 Nf6 6. d4 e6 7. Nc3 Bd6 8. Bg5 Nbd7 9. Qd2 h6 10. Be3 Nb6 11. b3 a5 12. a4 Bb4 13. 0-0 Nc8 14. Qd3 Ne7 15. g4 Ng6 16. f4 Nh4 17. Bh1 h5 18. f3 Qc7 19. Ne2 Bd6 20. c3 Ng8 21. Bd2 Ne7 22. c4 Neg6 23. cxd5 exd5 24. f5 Ne7 25. Bg5 hxg4 26. fxg4 f6 27. Bf4 g5 28. Bxd6 Qxd6 29. Rfe1 0-0-0 30. Ng3 Rh6 31. Re6 Qc7 32. Rae1 Ng8 33. Nh5 Qd7 34. Qc2 Qc7 35. R1e3 Rd7 36. Re8+ Rd8 37. Qe2 Qb6 38. Rxd8+ Kxd8 39. Ng7 Kc7 40. Qh2+ Kd7 41. Ne6 Ne7 42. Qb8 Nc8 43. Nc5+ Kd8 44. Re6 1-0

[Event "SVK-ch Amateur"]
[Site "Topolcany"]
[Date "2020.07.13"]
[Round "6"]
[White "Pietrzak, Tomasz1111"]
[Black "Cedzo, Adam"]
[Result "0-1"]
[WhiteElo "1777"]
[BlackElo "1974"]
[PlyCount "91"]
[EventDate "2020.07.10"]
[EventType "swiss"]
[EventRounds "7"]
[EventCountry "SVK"]
[SourceTitle "EXT 2021"]
[Source "ChessBase"]
[SourceDate "2020.10.23"]
[SourceVersion "1"]
[SourceVersionDate "2020.10.23"]
[SourceQuality "1"]

1. d4 Nf6 2. c4 g6 3. Nc3 Bg7 4. e4 d6 5. Be2 Nbd7 6. Be3 e5 7. d5 0-0 8. g4 Ne8 9. Qd2 Nc5 10. b4 Na6 11. Nb5 c5 12. dxc6 bxc6 13. Nxa7 Bb7 14. b5 cxb5 15. cxb5 Nb8 16. f3 f5 17. Bc4+ Kh8 18. Bd5 Bxd5 19. Qxd5 Qa5+ 20. Qd2 Rxa7 21. Bxa7 Qxa7 22. Nh3 fxg4 23. fxg4 Rf3 24. Nf2 Bh6 25. Qc2 Qa5+ 26. Ke2 Re3+ 27. Kf1 Qxb5+ 28. Kg2 Re2 29. Qb3 Qc5 30. Qf3 Rc2 31. g5 Bg7 32. Rhf1 Qa7 33. Rac1 Rc6 34. Ng4 Qxa2+ 35. Kh1 Qe6 36. Nh6 Rxc1 37. Rxc1 Na6 38. Nf7+ Kg8 39. Rf1 Nc5 40. Qg2 Nd3 41. Nd8 Qc4 42. Qe2 Qb3 43. Nf7 Nf4 44. Qf3 Qxf3+ 45. Rxf3 Kxf7 46. h4 0-1

[Event "SVK-ch rapid"]
[Site "Topolcany"]
[Date "2020.07.11"]
[Round "2"]
[White "Cedzo, Adam"]
[Black "Jablonicky, Frantisek"]
[Result "1-0"]
[WhiteElo "1563"]
[BlackElo "2106"]
[PlyCount "127"]
[EventDate "2020.07.11"]
[EventType "swiss (rapid)"]
[EventRounds "9"]
[EventCountry "SVK"]
[SourceTitle "CBM 197 Extra"]
[Source "ChessBase"]
[SourceDate "2020.09.30"]
[SourceVersion "1"]
[SourceVersionDate "2020.09.30"]
[SourceQuality "1"]

1. e4 c6 2. d4 d5 3. e5 Bf5 4. g4 Bg6 5. h4 h5 6. g5 e6 7. Bd3 Bxd3 8. Qxd3 Qa5+ 9. Bd2 Qa6 10. Qxa6 Nxa6 11. c3 c5 12. a3 Ne7 13. Ne2 Nf5 14. Ng3 g6 15. Nxf5 gxf5 16. f4 b6 17. Be3 Rc8 18. Nd2 Be7 19. Nf3 Rg8 20. Rc1 Kd7 21. Kd2 Rc7 22. Ne1 Kc6 23. Nc2 Kb5 24. b3 c4 25. b4 Ka4 26. Bf2 Rb7 27. Ne3 Nc7 28. Nd1 Nb5 29. Nb2+ Kb3 30. a4 Na3 31. Nd1 Kxa4 32. Ra1 a5 33. Rh3 axb4 34. cxb4 Bxb4+ 35. Ke2 Ra7 36. Be1 Be7 37. Nc3+ Kb4 38. Nxd5+ Kb5 39. Nxe7 Rxe7 40. Rhxa3 Kc6 41. Ra6 Rb8 42. Rb1 Reb7 43. Ba5 Kc7 44. Bb4 Kc6 45. Bc5 Kd5 46. Rb5 Ke4 47. Rbxb6 Kxf4 48. d5 exd5 49. Rxb7 Rxb7 50. Rh6 Kg4 51. g6 Rb2+ 52. Kd1 fxg6 53. Rxg6+ Kf3 54. e6 f4 55. e7 Re2 56. Rg5 Re4 57. Rxh5 d4 58. Rh8 d3 59. e8Q Rxe8 60. Rxe8 Kg4 61. Re4 c3 62. Bd6 Kxh4 63. Rxf4+ Kg5 64. Rf3 1-0

[Event "SVK-chT2C 1920"]
[Site "Slovakia"]
[Date "2020.02.16"]
[Round "9.7"]
[White "Cedzo, Adam"]
[Black "Grec, Jan Alexander"]
[Result "1/2-1/2"]
[WhiteElo "1946"]
[BlackElo "1844"]
[PlyCount "32"]
[EventDate "2019.10.26"]
[EventType "team-tourn"]
[EventRounds "11"]
[EventCountry "SVK"]
[SourceTitle "CBM 195 Extra"]
[Source "ChessBase"]
[SourceDate "2020.05.31"]
[SourceVersion "1"]
[SourceVersionDate "2020.05.31"]
[SourceQuality "1"]
[WhiteTeam "Zilina Mladost II"]
[BlackTeam "Filakovo"]
[WhiteTeamCountry "SVK"]
[BlackTeamCountry "SVK"]

1. e4 c5 2. Nf3 e6 3. d4 cxd4 4. Nxd4 a6 5. c4 Nf6 6. Nc3 Qc7 7. f3 Be7 8. Be3 b6 9. Be2 Bd6 10. g3 Bb7 11. Rc1 h5 12. a3 Be5 13. Bf2 h4 14. Rg1 hxg3 15. hxg3 d6 16. Na4 Nbd7 1/2-1/2

[Event "SVK-chT2C 1920"]
[Site "Slovakia"]
[Date "2019.10.26"]
[Round "1.8"]
[White "Kraml, Maros"]
[Black "Cedzo, Adam"]
[Result "1/2-1/2"]
[WhiteElo "1899"]
[BlackElo "1835"]
[PlyCount "58"]
[EventDate "2019.10.26"]
[EventType "team-tourn"]
[EventRounds "11"]
[EventCountry "SVK"]
[SourceTitle "CBM 193 Extra"]
[Source "ChessBase"]
[SourceDate "2020.01.31"]
[SourceVersion "1"]
[SourceVersionDate "2020.01.31"]
[SourceQuality "1"]
[WhiteTeam "Zvolen Slavia"]
[BlackTeam "Zilina Mladost II"]
[WhiteTeamCountry "SVK"]
[BlackTeamCountry "SVK"]

1. e4 e5 2. Nf3 Nc6 3. Bb5 a6 4. Ba4 Nf6 5. 0-0 b5 6. Bb3 Be7 7. Re1 0-0 8. c3 d5 9. d3 dxe4 10. dxe4 Qxd1 11. Bxd1 Bg4 12. Bg5 Rad8 13. Nbd2 Rd7 14. Nf1 Rfd8 15. Bc2 Bxf3 16. gxf3 Nh5 17. Be3 Rd6 18. Ng3 Rg6 19. Kf1 Nf4 20. Nf5 Ng2 21. Red1 Nxe3+ 22. fxe3 Kf8 23. Nxe7 Kxe7 24. Rxd8 Nxd8 25. Rd1 Nc6 26. Rd5 Rd6 27. Bb3 f6 28. Ke2 Na5 29. f4 Rxd5 1/2-1/2

[Event "SVK-ch U16"]
[Site "Liptovsky Mikulas"]
[Date "2019.04.24"]
[Round "3"]
[White "Cedzo, Adam"]
[Black "Sarkozi, Szabolcs"]
[Result "1-0"]
[WhiteElo "1754"]
[BlackElo "1976"]
[PlyCount "63"]
[EventDate "2019.04.23"]
[EventType "swiss"]
[EventRounds "9"]
[EventCountry "SVK"]
[SourceTitle "CBM 190 Extra"]
[Source "ChessBase"]
[SourceDate "2019.07.15"]
[SourceVersion "1"]
[SourceVersionDate "2019.07.15"]
[SourceQuality "1"]

1. e4 c5 2. Nf3 Nc6 3. Bb5 g6 4. c3 Bg7 5. d4 cxd4 6. cxd4 a6 7. Ba4 b5 8. Bb3 d6 9. 0-0 Nf6 10. Bf4 0-0 11. h3 d5 12. e5 Ne8 13. Nc3 e6 14. Rc1 Bb7 15. Qd2 Rc8 16. Rfe1 Nc7 17. Nd1 Na8 18. Ne3 Nb6 19. Ng4 Nc4 20. Bxc4 dxc4 21. Bh6 f5 22. exf6 Rxf6 23. Bxg7 Rxf3 24. gxf3 Kxg7 25. Qh6+ Kh8 26. Rxe6 Nxd4 27. Ne5 Nxf3+ 28. Nxf3 Bxf3 29. Rce1 Qg8 30. Qf4 Bh5 31. Qf6+ Qg7 32. Re8+ 1-0

[Event "SVK-ch U14"]
[Site "Liptovsky Mikulas"]
[Date "2018.04.27"]
[Round "9"]
[White "Cedzo, Adam"]
[Black "Sosovicka, Jakub"]
[Result "1/2-1/2"]
[WhiteElo "1703"]
[BlackElo "2105"]
[PlyCount "67"]
[EventDate "2018.04.21"]
[EventType "swiss"]
[EventRounds "9"]
[EventCountry "SVK"]
[SourceTitle "CBM 184 Extra"]
[Source "ChessBase"]
[SourceDate "2018.06.28"]
[SourceVersion "1"]
[SourceVersionDate "2018.06.28"]
[SourceQuality "1"]

1. e4 c5 2. Nf3 d6 3. d4 cxd4 4. Nxd4 Nf6 5. Nc3 a6 6. g3 e5 7. Nb3 Be6 8. Bg5 Nbd7 9. Nd2 Rc8 10. Rc1 Be7 11. Bg2 0-0 12. 0-0 h6 13. Be3 Ng4 14. Nd5 Bxd5 15. exd5 Nxe3 16. fxe3 Qb6 17. Nb3 Bg5 18. Rb1 Bxe3+ 19. Kh1 f5 20. Bh3 g6 21. g4 Nf6 22. gxf5 Ne4 23. Qg4 Qb4 24. Qg2 Kh8 25. c3 Qc4 26. Rbe1 Nf2+ 27. Rxf2 Bxf2 28. Qxf2 Qxd5+ 29. Bg2 Qf7 30. Qd2 Qg7 31. Qxd6 Rxf5 32. Bh3 Rf6 33. Qxe5 Rcf8 34. Qd4 1/2-1/2

[Event "SVK-ch U14"]
[Site "Liptovsky Mikulas"]
[Date "2018.04.23"]
[Round "4"]
[White "Cedzo, Adam"]
[Black "Bidulsky, Matej"]
[Result "1-0"]
[WhiteElo "1703"]
[BlackElo "1433"]
[PlyCount "119"]
[EventDate "2018.04.21"]
[EventType "swiss"]
[EventRounds "9"]
[EventCountry "SVK"]
[SourceTitle "CBM 184 Extra"]
[Source "ChessBase"]
[SourceDate "2018.06.28"]
[SourceVersion "1"]
[SourceVersionDate "2018.06.28"]
[SourceQuality "1"]

1. e4 e5 2. Nf3 Nc6 3. Bc4 Bc5 4. c3 Nf6 5. d4 exd4 6. e5 Qe7 7. cxd4 Bb4+ 8. Nc3 d5 9. Bb3 Ne4 10. Bd2 Bxc3 11. Bxc3 Nxc3 12. bxc3 Be6 13. Nd2 Na5 14. Bc2 Qg5 15. Qf3 0-0 16. h4 Qg4 17. Qxg4 Bxg4 18. f3 Bh5 19. g4 Bg6 20. Bxg6 fxg6 21. Kf2 b6 22. Rh2 c5 23. Rc1 Nc6 24. Ke3 Kf7 25. a3 Ke6 26. Nb3 c4 27. Nd2 Rh8 28. Rf2 h5 29. g5 Ne7 30. Rh2 Rhf8 31. Nf1 Nf5+ 32. Kf2 Rf7 33. Ne3 Ne7 34. Ke2 Raf8 35. Rf1 Nc6 36. Rhf2 Rf4 37. Ng2 R4f7 38. Kd2 Ne7 39. Kc2 Nf5 40. Nf4+ Ke7 41. Nxg6+ Ke8 42. Re1 Rg8 43. e6 Rb7 44. Rfe2 Ne7 45. Nf4 Nf5 46. Nxd5 Nxh4 47. f4 Nf5 48. Re5 Ne7 49. f5 Rf8 50. Ne3 Nc6 51. Re4 Ke7 52. Rh4 g6 53. f6+ Kxe6 54. d5+ Kd6 55. dxc6 Kxc6 56. Nxc4 Rc7 57. Ne5+ Kd5 58. Nxg6 Rff7 59. Re7 Rfxe7 60. Nxe7+ 1-0